|
|
|
|
| LEADER |
01575nam a22004455i 4500 |
| 001 |
978-1-4020-2480-1 |
| 003 |
DE-He213 |
| 005 |
20120626105616.0 |
| 007 |
cr nn 008mamaa |
| 008 |
100301s2005 ne | s |||| 0|eng d |
| 020 |
|
|
|a 9781402024801
|9 978-1-4020-2480-1
|
| 024 |
7 |
|
|a 10.1007/1-4020-2480-0
|2 doi
|
| 040 |
|
|
|d GrThAP
|
| 050 |
|
4 |
|a GE1-350
|
| 072 |
|
7 |
|a TQ
|2 bicssc
|
| 072 |
|
7 |
|a SCI026000
|2 bisacsh
|
| 082 |
0 |
4 |
|a 571.95
|2 23
|
| 100 |
1 |
|
|a Monirul Qader Mirza, M.
|
| 245 |
1 |
4 |
|a The Ganges Water Diversion: Environmental Effects and Implications
|h [electronic resource] /
|c edited by M. Monirul Qader Mirza.
|
| 260 |
|
|
|a Dordrecht :
|b Springer Netherlands,
|c 2005.
|
| 300 |
|
|
|b digital.
|
| 490 |
0 |
|
|a Water Science and Technology Library ;
|v 49
|
| 650 |
|
0 |
|a Environmental sciences.
|
| 650 |
|
0 |
|a Hydraulic engineering.
|
| 650 |
|
0 |
|a Environmental management.
|
| 650 |
|
0 |
|a Environmental toxicology.
|
| 650 |
|
0 |
|a Environmental pollution.
|
| 650 |
1 |
4 |
|a Environment.
|
| 650 |
2 |
4 |
|a Ecotoxicology.
|
| 650 |
2 |
4 |
|a Hydrogeology.
|
| 650 |
2 |
4 |
|a Geosciences, general.
|
| 650 |
2 |
4 |
|a Environmental Management.
|
| 650 |
2 |
4 |
|a Waste Water Technology / Water Pollution Control / Water Management / Aquatic Pollution.
|
| 710 |
2 |
|
|a SpringerLink (Online service)
|
| 773 |
0 |
|
|t Springer eBooks
|
| 776 |
0 |
8 |
|i Printed edition:
|z 9781402024795
|
| 830 |
|
0 |
|a Water Science and Technology Library ;
|v 49
|
| 856 |
4 |
0 |
|u http://dx.doi.org/10.1007/1-4020-2480-0
|z Full Text via HEAL-Link
|
| 912 |
|
|
|a ZDB-2-EES
|
| 950 |
|
|
|a Earth and Environmental Science (Springer-11646)
|